Trvalá prúdová zaťažiteľnosť vodičov a káblov v prostrediach s rôznou tepelnou vodivosťou

Gespeichert in:
Bibliographische Detailangaben
1. Verfasser: Vašín, Matej (Verfasst von)
Weitere Verfasser: Packa, Juraj (Betreuung Doktorarbeit)
Format: Manuskript Buch
Sprache:Slowakisch
Veröffentlicht: Bratislava : STU v Bratislave FEI, 2022
Schlagworte:
Online-Zugang:https://opac.crzp.sk/?fn=detailBiblioFormChildSGBB6&sid=378281AEB05FBF717837CEA6EBFA&seo=CRZP-detail-kniha
Tags: Tag hinzufügen
Keine Tags, Fügen Sie das erste Tag hinzu!

MARC

LEADER 00000ntm a22000003a 4500
001 stuzp75969
003 SK-STU
005 20230308101949.9
007 ta
008 150427s2015----xo-----f-mn---000-0-slo-d
040 |a STU  |b slo 
041 0 |a slo 
044 |a xo 
100 1 |a Vašín, Matej  |u 032000  |4 aut  |U FEI Fakulta elektrotechniky a informatiky  |T FEI Ústav elektroenergetiky a aplikovanej elektrotechniky  |X 92505  |U E020  |Y 548  |7 92505 
242 0 1 |a Current-carrying capacities of wires and cables in environments with different thermal conductivity  |y eng 
245 1 0 |a Trvalá prúdová zaťažiteľnosť vodičov a káblov v prostrediach s rôznou tepelnou vodivosťou 
260 |a Bratislava :  |b STU v Bratislave FEI,  |c 2022 
300 |a 62 s. 
650 4 |a prúdová zaťažiteľnosť  |2 slo 
650 4 |a oteplenie  |2 slo 
650 4 |a tepelná vodivosť  |2 slo 
650 4 |a káble  |2 slo 
650 4 |a ampacity  |2 eng 
650 4 |a temperature rise above ambient temperature  |2 eng 
650 4 |a thermal conductivity  |2 eng 
650 4 |a cables  |2 eng 
700 1 |a Packa, Juraj  |u 032000  |k Z1  |4 ths  |U FEI Fakulta elektrotechniky a informatiky  |T FEI Ústav elektroenergetiky a aplikovanej elektrotechniky  |X 1923  |U E020  |Y 548  |7 A000001923 
856 4 |u https://opac.crzp.sk/?fn=detailBiblioFormChildSGBB6&sid=378281AEB05FBF717837CEA6EBFA&seo=CRZP-detail-kniha